Методы и алгоритмы отказоустойчивого управления электроприводами опасных производственных объектов: диссертация на соискание ученой степени доктора технических наук; спец. 05.09.03

Бібліографічні деталі
Автор: Однокопылов Г. И. Георгий Иванович
Співавтори: Национальный исследовательский Томский политехнический университет (ТПУ) Энергетический институт (ЭНИН) Кафедра электропривода и электрооборудования (ЭПЭО), Томский государственный архитектурно-строительный университет (ТГАСУ)
Інші автори: Букреев В. Г. Виктор Григорьевич (научный консультант)
Резюме:Заглавие с титульного экрана
Электронная версия печатной публикации
Мова:Російська
Опубліковано: Томск, 2017
Предмети:
Онлайн доступ:http://earchive.tpu.ru/handle/11683/43203
Формат: Електронний ресурс Книга
KOHA link:https://koha.lib.tpu.ru/cgi-bin/koha/opac-detail.pl?biblionumber=335848

MARC

LEADER 00000nlm0a2200000 4500
001 335848
005 20240129105754.0
035 |a (RuTPU)RU\TPU\book\362260 
035 |a RU\TPU\book\362257 
090 |a 335848 
100 |a 20171004d2017 k y0rusy50 ca 
101 0 |a rus 
102 |a RU 
105 |a a m 000zy 
135 |a drcn ---uucaa 
181 0 |a i  
182 0 |a b 
200 1 |a Методы и алгоритмы отказоустойчивого управления электроприводами опасных производственных объектов  |e диссертация на соискание ученой степени доктора технических наук  |e спец. 05.09.03  |f Г. И. Однокопылов  |g Национальный исследовательский Томский политехнический университет (ТПУ) ; Томский государственный архитектурно-строительный университет (ТГАСУ) ; науч. конс. В. Г. Букреев 
203 |a Текст  |c электронный 
210 |a Томск  |d 2017 
215 |a 1 файл (8 174 KB) 
300 |a Заглавие с титульного экрана 
300 |a Электронная версия печатной публикации 
452 1 |0 (RuTPU)RU\TPU\book\363834  |t Методы и алгоритмы отказоустойчивого управления электроприводами опасных производственных объектов  |o диссертация на соискание ученой степени доктора технических наук  |o спец. 05.09.03  |f Г. И. Однокопылов  |g Томский государственный архитектурно-строительный университет (ТГАСУ) ; науч. конс. В. Г. Букреев  |c Томск  |n [Б. и.]  |d 2017  |p 343 л.  |a Однокопылов, Георгий Иванович 
606 1 |a Электроприводы переменного тока, автоматические  |2 stltpush  |3 (RuTPU)RU\TPU\subj\20715  |9 45800 
610 1 |a электронный ресурс 
610 1 |a диссертации 
610 1 |a труды учёных ТПУ 
610 1 |a алгоритмы 
610 1 |a отказоустойчивое управление 
610 1 |a опасные объекты 
610 1 |a производственные объекты 
610 1 |a живучесть 
610 1 |a безопасность 
610 1 |a математические модели 
610 1 |a имитационные модели 
610 1 |a аварийные режимы 
610 1 |a электродвигатели 
610 1 |a алгоритмическое обеспечение 
610 1 |a системы управления 
610 1 |a резервы 
610 1 |a техногенные аварии 
675 |a 62-83-523(04)  |v 4 
686 |a 05.09.03  |2 oksvnk 
700 1 |a Однокопылов  |b Г. И.  |c специалист в области электротехники  |c профессор Томского политехнического университета, доктор наук  |f 1958-  |g Георгий Иванович  |3 (RuTPU)RU\TPU\pers\31341  |9 15513 
702 1 |a Букреев  |b В. Г.  |c специалист в области электротехники  |c профессор Томского политехнического университета, доктор технических наук  |f 1952-  |g Виктор Григорьевич  |3 (RuTPU)RU\TPU\pers\26527  |4 695  |9 12221 
712 0 2 |a Национальный исследовательский Томский политехнический университет (ТПУ)  |b Энергетический институт (ЭНИН)  |b Кафедра электропривода и электрооборудования (ЭПЭО)  |3 (RuTPU)RU\TPU\col\18674 
712 0 2 |a Томский государственный архитектурно-строительный университет (ТГАСУ)  |c (1997- )  |3 (RuTPU)RU\TPU\col\3 
801 2 |a RU  |b 63413507  |c 20180110  |g RCR 
856 4 |u http://earchive.tpu.ru/handle/11683/43203 
942 |c CF